Oeuvres de Locke et Leibnitz (Registro nro. 157912)
[ vista simple ]
| 000 -LEADER | |
|---|---|
| campo de control de longitud fija | 00836nam a22002175i 4500 |
| 001 - NÚMERO DE CONTROL | |
| campo de control | 157912 |
| 003 - IDENTIFICADOR DE NÚMERO DE CONTROL | |
| campo de control | ES-MaACL |
| 005 - FECHA Y HORA DE LA ÚLTIMA TRANSACCIÓN | |
| campo de control | 20250804062752.0 |
| 008 - DATOS DE LONGITUD FIJA--INFORMACIÓN GENERAL | |
| campo de control de longitud fija | 990525s1839 fr |||| | fre d |
| 040 ## - FUENTE DE CATALOGACIÓN | |
| Centro catalogador/agencia de origen | CCPB | B |
| Lengua de catalogación | spa |
| Centro/agencia transcriptor | CCPB | B |
| 100 1# - ENTRADA PRINCIPAL--NOMBRE DE PERSONA | |
| Nombre de persona | Locke, John ( |
| Fechas asociadas al nombre | 1632-1704) |
| 9 (RLIN) | 222867 |
| 245 10 - MENCIÓN DEL TÍTULO | |
| Título | Oeuvres de Locke et Leibnitz |
| Resto del título | : contenant l'essai sur l'entendement humain / |
| Mención de responsabilidad, etc. | revu, corrigé et accompagné de notes, par M. F. Thurot. |
| 260 ## - PUBLICACIÓN, DISTRIBUCIÓN, ETC. | |
| Lugar de publicación, distribución, etc. | Paris : |
| Nombre del editor, distribuidor, etc. | Firmin Didot Frères, |
| Fecha de publicación, distribución, etc. | 1839 ( |
| Fabricante | Imprimeurs de l'Institut de France) |
| 300 ## - DESCRIPCIÓN FÍSICA | |
| Extensión | XVII, 676 p. ; |
| Dimensiones | 26 cm. |
| 650 #7 - PUNTO DE ACCESO ADICIONAL DE MATERIA--TÉRMINO DE MATERIA | |
| Término de materia o nombre geográfico como elemento de entrada | Filosofía |
| Fuente del encabezamiento o término | embne |
| 9 (RLIN) | 12802 |
| 700 1# - ENTRADA AGREGADA--NOMBRE PERSONAL | |
| Nombre de persona | Leibniz, Gottfried Wilhelm |
| Títulos y otros términos asociados al nombre | , Freiherr von. |
| 9 (RLIN) | 71367 |
| 700 11 - ENTRADA AGREGADA--NOMBRE PERSONAL | |
| Nombre de persona | Thurot, M. F., |
| Término indicativo de función/relación | |
| 9 (RLIN) | 133244 |
| 752 ## - ENTRADA AGREGADA--NOMBRE JERÁRQUICO DEL LUGAR | |
| País o entidad superior | Francia - |
| Ciudad | París |
| 852 ## - LOCALIZACIÓN | |
| Ubicación | ES-MaACL |
| Número de control de estantería | F-13155 |
| Nota libre | -- Enc. cartón |
| Estatus retirado | Estado de pérdida | Estado de daño | No para préstamo | Colección | Biblioteca de origen | Biblioteca actual | Ubicación en estantería | Fecha de adquisición | Fuente de adquisición | Total de préstamos | Signatura topográfica completa | Código de barras | Visto por última vez | Precio de reemplazo | Tipo de ítem Koha |
|---|---|---|---|---|---|---|---|---|---|---|---|---|---|---|---|
| Libros del s. XIX | Biblioteca del Ateneo de Madrid | Biblioteca del Ateneo de Madrid | Sala Pecera Planta 2 | 17/01/2008 | F-13155 | 1165264 | 23/02/2023 | 23/02/2023 | Libro impreso antiguo |
